Scooby Doo Mystery Incorporated - Statistics

General Stats
  • This quiz has been taken 32 times
  • The average score is 18 of 25
Answer Stats
Hint Answer % Correct
Main color of Scooby's collar Blue
100%
Color of Daphne's scarf Green
96%
Main color of shirt that the biggest (human in the gang) eater wears Green
96%
Color of Fred's neckware Orange
96%
Main color of the sweater that the youngest in the gang wears Orange
96%
Character with longest hair out of the gang Daphne
89%
Most wealthy character in the gang Daphne
89%
Main driver of the car Fred
89%
Name of Scooby's closest friend in the gang Shaggy
89%
What two characters enter into a romantic relationship in this series Shaggy and Velma
89%
Name of car that the gang drives around Mystery machine
85%
What is Fred Jones' primary obsession in this series Traps
85%
Youngest member of group Velma
85%
Main color of shirt that the car driver wears White
85%
Name of Fred's neckware Ascot
74%
What is the name of the town in this series Crystal Cove
74%
Type of car that they drive around Van
74%
Breed of dog that Scooby is Great Dane
67%
How many more characters are in the new Mystery Incorporated compared to the older one 0
59%
Middle name of Scooby Dooby
59%
First name of the the main police officer in Mystery Incorporated Sheriff
56%
Who is Angel Dynamite's real identity Cassidy Williams
48%
Who is the main antagonist and leader of the original Mystery Incorporated gang Professor Pericles
41%
Who is Shaggy Rogers father Colton Rogers
22%
Which character did Velma originally call "Hot Dog Water" Marcie Fleach
4%
No matching quizzes found
Score Distribution
Percent of People with Each Score
Percentile by Number Answered
Your Score History
You have not taken this quiz